000 00442nam a2200133Ia 4500
008 100328s9999 xx 000 0 und d
082 _b66141
100 _aहुद्यार मधुकर - अनु. (जेम्स हॅडली चेज).
245 _aफ्रोझन डेथ.
260 _bनंदादीप.
630 _aफ्रोझन डेथ.
730 _aफ्रोझन डेथ.
942 _cBOOK
999 _c551886
_d551883